Analýza finančnej situácie vybranej účtovnej jednotky na základe podkladov z účtovnej závierky bakalárska práca

Gespeichert in:
Bibliographische Detailangaben
1. Verfasser: Šustová, Anastázia
Körperschaft: Fakulta hospodárskej informatiky EU. Katedra účtovníctva a audítorstva
Weitere Verfasser: Juhászová, Zuzana, 1970-
Format: Buch
Sprache:Slowakisch
Veröffentlicht: Bratislava 2013
Tags: Tag hinzufügen
Keine Tags, Fügen Sie das erste Tag hinzu!

MARC

LEADER 00000nbm a2200000 4500
001 0173114
005 20161109112139.4
041 0 |a slo 
044 |a SK 
245 1 0 |a Analýza finančnej situácie vybranej účtovnej jednotky na základe podkladov z účtovnej závierky  |b bakalárska práca  |c Anastázia Šustová ; školiteľ: Zuzana Juhászová 
264 1 |a Bratislava  |c 2013 
300 |a 43 s. 
100 1 |a Šustová, Anastázia 
700 1 |a Juhászová, Zuzana, 1970- 
710 2 |a Fakulta hospodárskej informatiky EU. Katedra účtovníctva a audítorstva